000 01037nam a2200253 i 4500
001 190369
003 SpMaBN
005 20240410102852.0
008 201113s1977 sp |||| | spa d
080 _a807.1-441
100 1 _aGete Carpio, Olga.
_9170782
245 1 3 _aEl sistema vocálico del latín vulgar :
_bestudios sobre su problemática /
_cOlga Gete Carpio.
260 _aBarcelona :
_bUniversidad de Barcelona, [Facultad de Filosofía y Letras],
_c1977.
300 _a21 p. ;
_c24 cm.
502 _aTesis-Univ. Barcelona (Extracto)
504 _aReferencias bibliográficas.
594 _aPrecede al tít.: Universidad de Barcelona. Secretariado de Publicaciones, Intercambio Científico y Extensión Universitaria.
650 4 _aLengua latina-
_xVocales.
_9170783
655 _aTesis y escritos académicos
_9226867
710 2 _aUniversidad de Barcelona.
_bFacultad de Filosofía y Letras.
_97149
852 4 _aES-MaACL
_jP-1415 (119)
_9197577
_bR-68610
_cDEPO2
942 _2udc
999 _c190369
_d190369